<?xml version="1.0" encoding="UTF-8"?>
<record
    xmlns:xsi="http://www.w3.org/2001/XMLSchema-instance"
    xsi:schemaLocation="http://www.loc.gov/MARC21/slim http://www.loc.gov/standards/marcxml/schema/MARC21slim.xsd"
    xmlns="http://www.loc.gov/MARC21/slim">

  <leader>00961nam a2200181 u 4500</leader>
  <controlfield tag="001">000017238</controlfield>
  <controlfield tag="005">20200929165046.0</controlfield>
  <controlfield tag="008">100322s2007    sp abc  r     001 0 spa d</controlfield>
  <datafield tag="020" ind1=" " ind2=" ">
    <subfield code="a">8495630001</subfield>
  </datafield>
  <datafield tag="040" ind1=" " ind2=" ">
    <subfield code="a">DO-SdBNP</subfield>
    <subfield code="b">spa</subfield>
    <subfield code="c">BNPHU</subfield>
  </datafield>
  <datafield tag="082" ind1=" " ind2=" ">
    <subfield code="a">036</subfield>
    <subfield code="b">P952e</subfield>
  </datafield>
  <datafield tag="245" ind1="0" ind2="3">
    <subfield code="a">Mi primaria gran enciclopedia visual educativa /: /</subfield>
    <subfield code="c">Creaci&#xF3;n y realizaci&#xF3;n Thema equipo editorial ; direcci&#xF3;n Sacramento Nieto ; ilustraci&#xF3;n e infograf&#xED;a Miguel &#xC1;ngel Casta&#xF1;os [et al].</subfield>
  </datafield>
  <datafield tag="260" ind1=" " ind2=" ">
    <subfield code="a">Barcelona :</subfield>
    <subfield code="b">Lexus,</subfield>
    <subfield code="c">2007.</subfield>
  </datafield>
  <datafield tag="300" ind1=" " ind2=" ">
    <subfield code="a">894 p. :</subfield>
    <subfield code="b">il. map. retrs. ;</subfield>
    <subfield code="c">27 cm.</subfield>
  </datafield>
  <datafield tag="505" ind1="2" ind2=" ">
    <subfield code="a">Los seres vivos -- Las plantas -- Los animales -- Nuestro cuerpo -- Los deportes -- Educaci&#xF3;n c&#xED;vica -- El planeta tierra -- Conservaci&#xF3;n de la naturaleza -- La historia del hombre -- Aprender el espa&#xF1;ol -- Aritm&#xE9;tica -- Iniciaci&#xF3;n al &#xE1;lgebra -- Geometr&#xED;a -- Computaci&#xF3;n -- F&#xED;sica -- Qu&#xED;mica -- Tierras y pueblos.</subfield>
  </datafield>
  <datafield tag="521" ind1=" " ind2=" ">
    <subfield code="a">Para estudiantes de primaria</subfield>
  </datafield>
  <datafield tag="049" ind1=" " ind2=" ">
    <subfield code="a">BNPD</subfield>
  </datafield>
  <datafield tag="952" ind1=" " ind2=" ">
    <subfield code="0">0</subfield>
    <subfield code="1">0</subfield>
    <subfield code="5">4</subfield>
    <subfield code="7">0</subfield>
    <subfield code="8">MO</subfield>
    <subfield code="a">GR</subfield>
    <subfield code="b">GR</subfield>
    <subfield code="c">CT</subfield>
    <subfield code="d">2010-03-22</subfield>
    <subfield code="i">LF1</subfield>
    <subfield code="l">0</subfield>
    <subfield code="o">036 P952e</subfield>
    <subfield code="p">17238-10</subfield>
    <subfield code="r">2020-06-25</subfield>
    <subfield code="w">2020-06-25</subfield>
    <subfield code="y">4</subfield>
    <subfield code="Z">Pr&#xE9;stamo en sala</subfield>
  </datafield>
  <datafield tag="999" ind1=" " ind2=" ">
    <subfield code="c">16763</subfield>
    <subfield code="d">16763</subfield>
  </datafield>
</record>
